Normal view
MARC view
Entry Personal Name
001 - CONTROL NUMBER
- control field: 3741
003 - CONTROL NUMBER IDENTIFIER
- control field: OSt
005 - DATE AND TIME OF LATEST TRANSACTION
- control field: 20150731131133.0
008 - FIXED-LENGTH DATA ELEMENTS
- fixed length control field: 150731|| aca||aabn | a|a d
040 ## - CATALOGING SOURCE
- Original cataloging agency: OSt
- Transcribing agency: OSt
100 ## - HEADING--PERSONAL NAME
- Personal name: Nadar, Dr. G. Krishnan
670 ## - SOURCE DATA FOUND
- Source citation: Work cat.: (OSt)2544: Nadar, Dr. G. Krishnan, SocioE̜conomic Background of The Military History of Travancore kerala India, 1993









